| 000 | 00572nam a2200157 i 4500 | ||
|---|---|---|---|
| 001 | 190215 | ||
| 003 | ES-MaACL | ||
| 005 | 20250826083219.0 | ||
| 008 | 200916s1898 sp |||| | spa d | ||
| 245 | 0 | 0 | _aExposición que eleva el Fomento del Trabajo Nacional al... Ministro de Hacienda sobre las causas de la elevación de los cambios con el extranjero. |
| 260 |
_a[Barcelona : _bs.n., _c1898] ( _fTip. Española) |
||
| 300 |
_a8 p. ; _c31 cm. |
||
| 710 | 2 |
_aFomento del Trabajo Nacional (Cataluña) _94136 |
|
| 852 |
_aES-MaACL _jT-787-F-18 |
||
| 999 |
_c190215 _d190215 |
||